000 00505nam a22001697a 4500
005 20251108171207.0
008 250721s1978 xx 000 0 ara d
082 1 4 _a615.1/مبا
100 1 _aحسين، زينب حلمي
_eترجمة
245 1 0 _aمبادئ علم الأدوية و العلاج /
264 1 _aبيروت :
_bدار ماكجروهيل للنشر،
_c1978.
300 _a347ص
650 1 7 _aالأدوية
650 1 7 _aعلم الصيدلة
942 _2ddc
_cBK
999 _c58977
_d58977